Quality design approach on nano carrier delivery of sorafenib: Formulation & in- vitro characterization (Record no. 356744)
[ view plain ]
| 000 -LEADER | |
|---|---|
| fixed length control field | 00620nam a2200205 4500 |
| 005 - DATE & TIME | |
| control field | 20240910110558.0 |
| 008 - FIXED-LENGTH DATA ELEMENTS--GENERAL INFORMATION | |
| fixed length control field | 240910b |||||||| |||| 00| 0 eng d |
| 020 ## - ISBN | |
| International Standard Book Number | X |
| Price | [n.p.] |
| 040 ## - CATALOGING SOURCE | |
| Original cataloging agency | VIVEKANANDA LIBRARY |
| 082 ## - DDC NUMBER | |
| Classification number | 615.19 |
| Book Number | K527Q |
| 100 ## - MAIN ENTRY--PERSONAL NAME | |
| Personal name | Khanuja, Harpreet Kaur |
| 245 ## - TITLE STATEMENT | |
| Title | Quality design approach on nano carrier delivery of sorafenib: Formulation & in- vitro characterization |
| 260 ## - PUBLICATION, DISTRIBUTION, ETC. (IMPRINT) | |
| Name of publisher, distributor, etc | Dept. of Pharmaceutical Sciences, M D University, Rohtak |
| Date of publication, distribution, etc | 2024 |
| 300 ## - PHYSICAL DESCRIPTION | |
| Pages | 194 |
| 650 ## - Subject | |
| Subject | Pharmaceutical Sciences |
| 650 ## - Subject | |
| Subject | Nano Carrier Delivery |
| 700 ## - Added Entry Personal Name | |
| Added Entry Personal Name | Dureja, Harish |
| 942 ## - ADDED ENTRY ELEMENTS (KOHA) | |
| Koha item type | Thesis |
| Withdrawn status | Lost status | Source of classification or shelving scheme | Damaged status | Not for loan | Location (home branch) | Sublocation or collection (holding branch) | Shelving location | Date acquired | Koha issues (times borrowed) | Koha full call number | Accession No. | Koha date last seen | Copy number | Koha item type |
|---|---|---|---|---|---|---|---|---|---|---|---|---|---|---|
| Dewey Decimal Classification | VIVEKANANDA LIBRARY | VIVEKANANDA LIBRARY | Vivekananda Library | 10/09/2024 | 615.19 K527Q | 410924 | 10/09/2024 | R | Thesis |
